000 00927cab a2200313 4500
001 ABS53208
008 090401t1995 xxu||||| |||| 00| 0 eng d
035 _a(Sirsi) u2656
041 _aeng
100 _aMcIntosh, A.
245 4 _aThe property market and the third employment revolution
260 _c1995
350 _a0
490 _aEstates Gazette
_v(9526) 1 July 1995, 136-125(3)
520 _aConsiders the changes taking place in the service sector and their implications for the property market.
650 _aAGRICULTURAL SECTOR
650 _aPROPERTY-COMMERCIAL PROPERTY
650 _aDEMOGRAPHY
650 _aEMPLOYMENT TRENDS
650 _aMANUFACTURING SECTOR
650 _aOCCUPIERS NEEDS
650 _aRE-ENGINEERING
650 _aRELOCATION
650 _aSERVICE INDUSTRIES
650 _aSERVICE SECTOR
690 _aPROPERTY-COMMERCIAL PROPERTY
942 _n0
948 _c04/03/1997
999 _c1599
_d1599